| 000 | 00784cam a2200265 4500500 | ||
|---|---|---|---|
| 005 | 20260405003832.0 | ||
| 041 | _afre | ||
| 042 | _adc | ||
| 100 | 1 | 0 |
_aPastorini, Chiara _eauthor |
| 245 | 0 | 0 | _a“Est-ce que les girafes savent que les fourmis existent ?” |
| 260 | _c2024. | ||
| 500 | _a99 | ||
| 690 | _aAnimal | ||
| 690 | _aChiara Mastroianni | ||
| 690 | _aConscience | ||
| 690 | _aDescartes | ||
| 690 | _aEnfant | ||
| 690 | _aFrans de Waal | ||
| 690 | _aHenri Bergson | ||
| 690 | _aInsecte | ||
| 690 | _aPerception | ||
| 690 | _aPhilosopher avec les enfants | ||
| 786 | 0 | _nPhilosophie magazine | 178 | 4 | 2024-04-01 | p. 59-59 | 1951-1787 | |
| 856 | 4 | 1 | _uhttps://shs.cairn.info/magazine-philosophie-magazine-2024-4-page-59?lang=fr&redirect-ssocas=7080 |
| 999 |
_c2071310 _d2071310 |
||